00358nam a2200145Ia 4500008004100000082002000041100002100061245001900082260002400101300000700125600002100132630001900153700002100172730001900193151018s9999 xx 000 0 und d bRBASDV1984a823 aparsons Anthony aLiving in fear bThe amalgated Press a64 aparsons Anthony aLiving in fear aparsons Anthony aLiving in fear